WWE Finishers & Signatures - Statistics

General Stats
  • This quiz has been taken 46 times
    5 since last reset
  • The average score is 43 of 61
Answer Stats
Hint Answer % Correct
Styles Clash AJ Styles
100%
End of Days Baron Corbin
100%
Dis-Arm-Her Becky Lynch
100%
Manhandle Slam Becky Lynch
100%
Sister Abigail Bray Wyatt
100%
F-5 Brock Lesnar
100%
Figure 8 Leglock Charlotte Flair
100%
Natural Selection Charlotte Flair
100%
Walls of Jericho Chris Jericho
100%
GTS CM Punk
100%
Cross Rhodes Cody Rhodes
100%
Cody Cutter Cody Rhodes
100%
Phenomenal Forearm AJ Styles
80%
Twisted Bliss Alexa Bliss
80%
KOD (Kiss of Death) Bianca Belair
80%
Glorious DDT Bobby Roode/Robert Roode
80%
Sharpshooter Bret Hart
80%
Coup de Grace Finn Balor
80%
1916 Finn Balor
80%
Attitude Adjustment John Cena
80%
Five Knuckle Shuffle John Cena
80%
Angle Lock Kurt Angle
80%
RKO Randy Orton
80%
Punt Kick Randy Orton
80%
Razor's Edge Razor Ramon
80%
619 Rey Mysterio
80%
Superman Punch Roman Reigns
80%
Helluva Kick Sami Zayn
80%
Sweet Chin Music Shawn Michaels
80%
Brogue Kick Sheamus
80%
Shining Wizard AJ Lee
60%
Glam Slam Beth Phoenix/The Glamazon
60%
Running Powerslam Braun Strowman
60%
Dirty Deeds Dean Ambrose
60%
Claymore Drew McIntyre
60%
Jackhammer Goldberg
60%
Insane Elbow Kairi Sane
60%
The Anchor Kairi Sane
60%
Megastar's Elbow LA Knight
60%
World's Strongest Slam Mark Henry
60%
Riptide Rhea Ripley
60%
Pop Rocks Roxanne Perez
60%
The Stomp/Curb Stomp Seth Rollins
60%
Kinshasa Shinsuke Nakamura
60%
Stone Cold Stunner Stone Cold/Steve Austin
60%
Skull-Crushing Finale The Miz
60%
Rock Bottom The Rock
60%
The People's Elbow The Rock
60%
Stratusfaction Trish Stratus
60%
Stratusphere Trish Stratus
60%
Tombstone Piledriver Undertaker
60%
Hell's Gate Undertaker
60%
Old School Undertaker
60%
Future Shock Drew McIntyre
40%
Swanton Bomb Jeff Hardy
40%
Chokeslam from Hell Kane
40%
Apron Powerbomb Kevin Owens
40%
BFT (Blunt Force Trauma) LA Knight
40%
Sharpshooter Natalya
40%
Buckle Bomb Seth Rollins
40%
Detonation Kick Dakota Kai
0%
No matching quizzes found
Score Distribution
Percent of People with Each Score
Percentile by Number Answered
Your Score History
You have not taken this quiz since the last reset